00394nam a2200157Ia 450000500170000000800410001702000180005803700130007604000200008904100130010908400180012210000130014024500410015326000330019430000090022720250326140518.0250326s9999 xx 000 0 und d a1-878975-42-0 aTextbook aFMSLbengcFMSL aeng2eng aX:8D N4qFMSL aKolb R W 0aFutures, options and swapscKolb R W aFloridabFlorida, Kolbc1994 a770p